| 000 | 00946cab a2200289 4500 | ||
|---|---|---|---|
| 001 | ABS47394 | ||
| 008 | 090401t1992 xxu||||| |||| 00| 0 eng d | ||
| 035 | _a(Sirsi) u61807 | ||
| 041 | _aeng | ||
| 100 | _aMcCartney, P. | ||
| 245 | _aStatus of retention funds in insolvency | ||
| 260 | _c1992 | ||
| 350 | _a0 | ||
| 490 |
_aConstruction Law Journal _v8(4) 1992 360-371(12) |
||
| 520 | _aConsiders the legal position on retention funds held under the standard forms of building contracts when one of the parties becomes insolvent. Refers to case law. | ||
| 650 | _aBANKRUPTCY | ||
| 650 | _aCONTRACTING OUT OF PARI PASSU DISTRIBUTION | ||
| 650 | _aINSOLVENCY ACT 1986 S10 | ||
| 650 |
_aInsolvency _96247 |
||
| 650 | _aRETENTION FUNDS | ||
| 650 | _aSET OFF | ||
| 650 | _aSTANDARD FORMS OF CONTRACT | ||
| 650 | _aVOLUNTARY WINDING UP | ||
| 690 | _aBUILT ENVIRONMENT-BUILDING CONTRACT FORMS | ||
| 942 | _n0 | ||
| 948 | _c04/03/1997 | ||
| 999 |
_c38331 _d38331 |
||